[Event "Druzynowe Mistrzostwa Polski - II liga"]
[Site "Dom Wczasowy VIS Jastrzebia Gora"]
[Date "1899-12-30"]
[Round "9.39"]
[White "Kubik, Rafal"]
[Black "Cichon, Bartlomiej"]
[Result "1-0"]
[WhiteTitle "I++"]
[BlackTitle "I"]
[WhiteElo "2023"]
[BlackElo "1984"]

1. e4 c5 2. c3 Nf6 3. e5 Nd5 4. Nf3 d6 5. exd6 e6 6. g3 Bxd6 7. Bg2 O-O 8. O-O
Nc6 9. d4 cxd4 10. Nxd4 Nxd4 11. Qxd4 Qc7 12. c4 Nf6 13. Nc3 Bd7 14. Rd1 Be5 15.
Qe3 Rfd8 16. Re1 Bd6 17. b3 a6 18. Bb2 Bc6 19. Ne4 Nxe4 20. Bxe4 Bxe4 21. Qxe4
Qc6 22. Qg4 Bf8 23. Rad1 Rac8 24. Qg5 f6 25. Bxf6 Rxd1 26. Rxd1 Qf3 27. Rd8 Rxd8
28. Bxd8 Qd1+ 29. Kg2 h6 30. Qa5 Qd3 31. Qb6 Qe4+ 32. f3 Qe2+ 33. Qf2 Qd3 34.
Bb6 Be7 35. Be3 Qd7 36. Qd2 Qc6 37. Qd4 Bf6 38. Qe4 Qd7 39. Qc2 Kf7 40. b4 h5
41. a4 h4 42. b5 hxg3 43. hxg3 axb5 44. cxb5 Be5 45. Qc5 Bd6 46. Qh5+ Kg8 47.
Qg6 e5 48. a5 Bb8 49. a6 Qxb5 50. Qe6+ Kh7 51. Qf5+ g6 52. Qf7+ 1-0

[Event "Druzynowe Mistrzostwa Polski - II liga"]
[Site "Dom Wczasowy VIS Jastrzebia Gora"]
[Date "1899-12-30"]
[Round "9.40"]
[White "Czarnecka, Lidia"]
[Black "Stebel, Agata"]
[Result "1-0"]
[WhiteTitle "k"]
[BlackTitle "k"]
[WhiteElo "1957"]
[BlackElo "1885"]

1. e4 d6 2. d4 Nf6 3. Nc3 Nbd7 4. Nf3 e5 5. Bc4 Be7 6. O-O a5 7. a4 O-O 8. h3 Nb6
9. Ba2 exd4 10. Nxd4 c6 11. Re1 Re8 12. Bf4 d5 13. e5 Nfd7 14. e6 Nf6 15. exf7+
Kxf7 16. Nf3 Kg8 17. Qd3 Nbd7 18. Re2 Nc5 19. Qd2 Bf5 20. Rae1 Bf8 21. Ne5 Qb6
22. Qc1 Be6 23. Nf3 Bf7 24. Be5 Nce4 25. Nxe4 Nxe4 26. Bd4 Bc5 27. c3 Rf8 28.
Bxc5 Nxc5 29. Ne5 Rad8 30. Bb1 Be6 31. Qg5 Rf6 32. Qh4 Rh6 33. Qd4 Re8 34. Nd3
Nd7 35. Qxb6 Nxb6 36. Nc5 Kf7 37. Bf5 Bxf5 38. Rxe8 Nc8 39. Nxb7 Rg6 40. Nd8+
Kf6 41. Rf8+ Kg5 42. f4+ 1-0

[Event "Druzynowe Mistrzostwa Polski - II liga"]
[Site "Dom Wczasowy VIS Jastrzebia Gora"]
[Date "1899-12-30"]
[Round "9.42"]
[White "Kolodziejski, Piotr"]
[Black "Zysko, Jan"]
[Result "1/2-1/2"]
[WhiteTitle "k"]
[BlackTitle "k"]
[WhiteElo "2057"]
[BlackElo "2071"]

1. e4 c5 2. Ne2 Nc6 3. d4 cxd4 4. Nxd4 Nf6 5. Nc3 d6 6. Bg5 e6 7. Qd2 a6 8. O-O-O
Bd7 9. f3 Nxd4 10. Qxd4 Be7 11. h4 Qc7 12. Kb1 b5 13. h5 h6 14. Be3 b4 15. Ne2
O-O 16. g4 Rfc8 17. Rc1 Nh7 18. Qd2 a5 19. c4 bxc3 20. Rxc3 Qd8 21. Rxc8 Qxc8
22. Bg2 Qb7 23. Rc1 Rb8 24. Nc3 Bc6 25. Rc2 Nf6 26. Qc1 Nd7 27. Bf1 Nc5 28. g5
hxg5 29. Bxg5 Bf8 30. h6 g6 31. h7+ Kxh7 32. Rh2+ Kg8 33. Bf6 Bg7 34. Qf4 Nd7
35. Bxg7 Kxg7 36. Qxd6 Rh8 37. Rxh8 Kxh8 38. a3 Qb6 39. Bd3 Kg7 40. f4 Qc5 41.
Qxc5 Nxc5 42. Bc2 a4 43. Kc1 f6 44. Kd2 e5 45. fxe5 fxe5 46. Ke3 Kf6 47. Kf3 Kf5
1/2-1/2

[Event "Druzynowe Mistrzostwa Polski - II liga"]
[Site "Dom Wczasowy VIS Jastrzebia Gora"]
[Date "1899-12-30"]
[Round "9.43"]
[White "Chrzaszcz, Malvina"]
[Black "Kejna, Piotr"]
[Result "0-1"]
[WhiteTitle "k+"]
[BlackTitle "CM"]
[WhiteElo "1968"]
[BlackElo "1965"]

1. e4 e6 2. d4 d5 3. Nd2 Be7 4. Ngf3 Nf6 5. e5 Nfd7 6. Nb3 c5 7. dxc5 Nc6 8. Bb5
Nxc5 9. Nfd4 Qc7 10. f4 Bd7 11. Be3 Nxb3 12. axb3 g5 13. Nxc6 bxc6 14. Bd3 gxf4
15. Bxf4 Qb6 16. Qf3 c5 17. Ra6 Qb7 18. O-O O-O-O 19. Rfa1 Kb8 20. Be3 Bc8 21.
Qxf7 Rdf8 22. Qh5 d4 23. Bh6 Rhg8 24. g3 Rf3 25. Rxa7 Rfxg3+ 26. hxg3 Rxg3+ 27.
Kf2 Qg2+ 28. Ke1 Rh3 29. Ra8+ Kb7 30. Qf7 Rh1+ 31. Bf1 Rxf1+ 32. Qxf1 Bh4+ 33.
Kd1 Qxf1+ 34. Kd2 Qf2+ 35. Kd3 Qf5+ 36. Kd2 Bg5+ 37. Bxg5 Qxg5+ 38. Kd1 Kc7 39.
R1a5 Qg1+ 40. Kd2 Qe3+ 41. Kd1 Bb7 42. R8a7 Kb8 43. Rxb7+ Kxb7 44. Rxc5 d3 45.
Rb5+ Kc6 0-1

[Event "Druzynowe Mistrzostwa Polski - II liga"]
[Site "Dom Wczasowy VIS Jastrzebia Gora"]
[Date "1899-12-30"]
[Round "9.44"]
[White "Komendecki, Jacek"]
[Black "Pettersson, Alexander"]
[Result "1-0"]
[WhiteTitle "k"]
[BlackTitle "II+"]
[WhiteElo "1977"]
[BlackElo "1849"]

1. e4 c6 2. c4 e5 3. Nf3 d6 4. d4 Nd7 5. Be2 Ngf6 6. Nc3 g6 7. O-O Bg7 8. dxe5
dxe5 9. Qd6 Qe7 10. Qxe7+ Kxe7 11. b3 h6 12. Ba3+ Ke6 13. Rad1 Bf8 14. Bb2 Bc5
15. Na4 Bd6 16. Rfe1 Bb4 17. Nc3 a5 18. a3 Bc5 19. Na4 Nxe4 20. Nxc5+ Nexc5 21.
Nxe5 Nxe5 22. Bg4+ f5 23. Rxe5+ Kf7 24. Rxc5 Re8 25. Bf3 Be6 26. a4 Red8 27. Kf1
g5 28. Rxd8 Rxd8 29. Bh5+ Ke7 30. Ke2 Kd6 31. Rxa5 c5 32. Rb5 Bc8 33. Rb6+ 1-0

[Event "Druzynowe Mistrzostwa Polski - II liga"]
[Site "Dom Wczasowy VIS Jastrzebia Gora"]
[Date "1899-12-30"]
[Round "9.45"]
[White "Kaniak, Monika"]
[Black "Komendecki, Antoni"]
[Result "0-1"]
[WhiteTitle "k"]
[BlackTitle "I++"]
[WhiteElo "1824"]
[BlackElo "1768"]

1. d4 d5 2. Nf3 Nf6 3. c4 e6 4. Nc3 c6 5. e3 Bd6 6. Bd3 O-O 7. O-O Nbd7 8. a3 dxc4
9. Bxc4 e5 10. Qc2 exd4 11. exd4 Nb6 12. Be2 Qc7 13. Ne4 Nbd5 14. Nxd6 Qxd6 15.
Ne5 Ne7 16. Qc5 Ne4 17. Qxd6 Nxd6 18. Bf4 Nd5 19. Bd2 Re8 20. Rfe1 Be6 21. Rac1
f6 22. Nd3 Nb5 23. Nc5 Nxd4 24. Nxb7 Reb8 25. Ba6 Bf7 26. Be3 Nc7 27. Bxd4 Nxa6
28. Rxc6 Nb4 29. Rc7 Nd5 30. Rd7 Be8 31. Rxd5 Rxb7 32. b4 a6 33. f3 Bb5 34. g4
Bc6 35. Rf5 Rb5 36. Bc5 Re8 37. Rxe8+ Bxe8 38. g5 Kf7 39. f4 Ke6 40. a4 Rb7 0-1

[Event "Druzynowe Mistrzostwa Polski - II liga"]
[Site "Dom Wczasowy VIS Jastrzebia Gora"]
[Date "1899-12-30"]
[Round "9.46"]
[White "Dmochowska, Agnieszka"]
[Black "Szwaj, Justyna"]
[Result "1-0"]
[WhiteTitle "WFM"]
[BlackTitle "k+"]
[WhiteElo "1967"]
[BlackElo "1785"]

1. d4 Nf6 2. c4 d6 3. Nc3 Nbd7 4. e4 e5 5. Nf3 g6 6. Be2 Bg7 7. O-O O-O 8. Be3
Re8 9. d5 Nc5 10. Nd2 a5 11. a3 Rf8 12. b4 Ncd7 13. c5 Ne8 14. Nc4 f5 15. f3 dxc5
16. bxc5 b6 17. d6 c6 18. cxb6 Ba6 19. Qb3 Kh8 20. Nxa5 Nxd6 21. Nxc6 Qc8 22.
Na7 Qb7 23. Bxa6 Qxa6 24. Qd5 Nc4 25. Qxd7 Nxe3 26. Rfb1 fxe4 27. fxe4 Nc2 28.
Ra2 Nd4 29. Qh3 Rf7 30. Rf2 Rxf2 31. Kxf2 Rf8+ 32. Kg1 Ne2+ 33. Nxe2 Qxe2 34.
Qg3 Qxe4 35. Qe1 Qd4+ 36. Kh1 Qc5 37. Qg1 Qd5 38. b7 Rb8 39. Qb6 Qd3 40. Nc6 Rf8
41. b8=Q 1-0

[Event "Druzynowe Mistrzostwa Polski - II liga"]
[Site "Dom Wczasowy VIS Jastrzebia Gora"]
[Date "1899-12-30"]
[Round "9.47"]
[White "Sopur, Lech"]
[Black "Siwiec, Arkadiusz"]
[Result "1-0"]
[WhiteTitle "m"]
[BlackTitle "I++"]
[WhiteElo "2411"]
[BlackElo "2230"]

1. Nf3 Nf6 2. g3 d5 3. Bg2 e6 4. O-O Be7 5. d3 O-O 6. Nbd2 c5 7. e4 Nc6 8. e5 Nd7
9. Re1 Qc7 10. Qe2 Rb8 11. Nf1 b5 12. Bf4 b4 13. h4 Nb6 14. h5 d4 15. h6 g6 16.
N1h2 Nd5 17. Bg5 f6 18. exf6 Bxf6 19. Bxf6 Nxf6 20. Ng5 Nd8 21. b3 Rb6 22. a3
a5 23. axb4 axb4 24. Bh3 Qd6 25. Ra7 Rb7 26. Rxb7 Bxb7 27. Bxe6+ Kh8 28. Bc4 Qc6
29. f3 Re8 30. Qd2 Ng8 31. Ng4 Rf8 32. Qe2 Qd6 33. Qe5+ Qxe5 34. Nxe5 Nxh6 35.
Nd7 Rf5 36. Re8+ Kg7 37. Re7+ Nhf7 38. Nxf7 Nxf7 39. Ne5 Bxf3 40. Rxf7+ Rxf7 41.
Nxf7 Kf6 42. Nd6 Ke5 43. Kf2 Kd5 1-0

[Event "Druzynowe Mistrzostwa Polski - II liga"]
[Site "Dom Wczasowy VIS Jastrzebia Gora"]
[Date "1899-12-30"]
[Round "9.49"]
[White "Gradowski, Jacek"]
[Black "Jankowiak, Piotr"]
[Result "1-0"]
[WhiteTitle "k"]
[BlackTitle "k"]
[WhiteElo "2069"]
[BlackElo "2046"]

1. d4 d5 2. c4 c6 3. Nc3 Nf6 4. Bg5 e6 5. e3 h6 6. Bh4 Be7 7. Nf3 Nbd7 8. Rc1 Ne4
9. Bxe7 Qxe7 10. Bd3 f5 11. O-O O-O 12. a3 Kh8 13. cxd5 exd5 14. Re1 g5 15. Nd2
Ndf6 16. f3 Nxc3 17. Rxc3 Bd7 18. f4 g4 19. Qc2 Nh5 20. Qb1 Rae8 21. g3 b6 22.
b4 Rc8 23. Qc2 Ng7 1-0

[Event "Druzynowe Mistrzostwa Polski - II liga"]
[Site "Dom Wczasowy VIS Jastrzebia Gora"]
[Date "1899-12-30"]
[Round "9.52"]
[White "Czarniecka, Aleksandra"]
[Black "Posuniak, Weronika"]
[Result "1-0"]
[WhiteTitle "m"]
[BlackTitle "k"]
[WhiteElo "1960"]
[BlackElo "1887"]

1. e4 c6 2. d4 d5 3. Nc3 dxe4 4. Nxe4 Bf5 5. Ng3 Bg6 6. Nh3 h6 7. Nf4 Bh7 8. Bc4
Nf6 9. O-O Qd6 10. c3 Nbd7 11. Qb3 O-O-O 12. Bxf7 e5 13. Ne6 Be7 14. Nxd8 Bxd8
15. dxe5 Qxe5 16. Be3 h5 17. Bd4 Qc7 18. Be6 h4 19. Nf5 Ng4 20. Nd6+ Qxd6 21.
Bxg4 Bc7 22. f4 Be4 23. Qe6 c5 24. Qxd7+ Qxd7 25. Bxd7+ Kxd7 26. Bxc5 b6 27. Bd4
Rh6 28. Rae1 Bd5 29. f5 Rh5 30. Rf2 Rg5 31. a3 h3 32. g3 Bd6 33. Be5 Bc5 34. Bd4
Bd6 35. b4 Bxg3 36. hxg3 h2+ 37. Rxh2 Rxg3+ 38. Kf2 Rf3+ 39. Ke2 Rxf5 40. Rg1
g5 41. Rf2 Bc4+ 42. Ke3 Rd5 43. Rf7+ Kc6 44. Rg7 a5 45. R1xg5 axb4 46. axb4 b5
47. R5g6+ Rd6 48. Rxd6+ Kxd6 49. Bc5+ Ke6 50. Rg5 Kf6 51. Kf4 Ke6 52. Re5+ Kf7
53. Kg5 Kg7 54. Re7+ Kg8 55. Kh6 Ba2 56. Rg7+ Kh8 57. Bd4 1-0

[Event "Druzynowe Mistrzostwa Polski - II liga"]
[Site "Dom Wczasowy VIS Jastrzebia Gora"]
[Date "1899-12-30"]
[Round "9.63"]
[White "Kalmuk, Krzysztof"]
[Black "Karabasz, Kacper"]
[Result "1-0"]
[WhiteTitle "I++"]
[BlackTitle "I"]
[WhiteElo "1997"]
[BlackElo "1520"]

1. Nf3 d5 2. b3 Nf6 3. Bb2 Bf5 4. e3 e6 5. Be2 h6 6. Ne5 Nbd7 7. f4 Nxe5 8. fxe5
Nd7 9. O-O Qg5 10. Rf3 Bg4 11. Rg3 Bxe2 12. Qxe2 Qf5 13. d4 g5 14. c4 c6 15. Nc3
h5 16. e4 dxe4 17. Nxe4 g4 18. Rf1 Qg6 19. h3 Rg8 20. hxg4 h4 21. Rh3 Qxg4 22.
Qf2 Be7 23. Qxf7+ Kd8 24. Qf3 Qg6 25. Nf6 Rf8 26. d5 Bxf6 27. exf6 e5 28. f7 Ke7
29. dxc6 bxc6 30. Ba3+ c5 31. Qd5 Rac8 32. Rxh4 Rxf7 33. Rxf7+ Qxf7 34. Qe4 Rg8
35. Rh7 Rg7 36. Bxc5+ Nxc5 37. Qxe5+ Ne6 38. Rxg7 Qxg7 39. Qxg7+ Nxg7 40. Kf2
Kf6 41. Ke3 Ke5 42. Kd3 Nh5 43. Kc3 Nf4 44. g4 Ne6 45. Kb4 Kd4 46. Kb5 Nc7+ 47.
Kc6 Ne6 48. Kb7 a5 49. Kb6 a4 50. bxa4 1-0

[Event "Druzynowe Mistrzostwa Polski - II liga"]
[Site "Dom Wczasowy VIS Jastrzebia Gora"]
[Date "1899-12-30"]
[Round "9.65"]
[White "Jaskolka, Tomasz"]
[Black "Malek, Jan"]
[Result "0-1"]
[WhiteTitle "CM"]
[BlackTitle "m"]
[WhiteElo "2213"]
[BlackElo "2339"]

1. d4 Nf6 2. c4 e6 3. g3 d5 4. Bg2 dxc4 5. Nf3 c5 6. O-O Nc6 7. Qa4 Bd7 8. Qxc4
b5 9. Qd3 c4 10. Qd1 Be7 11. a4 a6 12. b3 cxb3 13. Qxb3 b4 14. Bb2 Na5 15. Qd3
Bc6 16. Nbd2 O-O 17. e4 Qe8 18. d5 Bxa4 19. d6 Bb5 20. Qd4 Nc6 21. dxe7 Nxd4 22.
exf8=Q+ Qxf8 23. Nxd4 Bxf1 24. Bxf1 a5 25. Bb5 Qc5 26. Bc6 Rd8 27. N2b3 Qb6 28.
Nxa5 e5 29. Ndb3 Ng4 30. Rd1 Rxd1+ 0-1

[Event "Druzynowe Mistrzostwa Polski - II liga"]
[Site "Dom Wczasowy VIS Jastrzebia Gora"]
[Date "1899-12-30"]
[Round "9.74"]
[White "Bienias, Piotr"]
[Black "Rzeszowski, Dominik"]
[Result "1/2-1/2"]
[WhiteTitle "I++"]
[BlackTitle "I++"]
[WhiteElo "1957"]
[BlackElo "1855"]

1. d4 d5 2. Bf4 Nf6 3. Nf3 Bf5 4. e3 e6 5. Nbd2 Nbd7 6. c4 c6 7. Be2 Be7 8. O-O
O-O 9. Rc1 Rc8 10. a3 Ne4 11. h3 Ndf6 12. Nxe4 Nxe4 13. Nd2 Nxd2 14. Qxd2 Bd6
15. Bxd6 Qxd6 16. cxd5 1/2-1/2

[Event "Druzynowe Mistrzostwa Polski - II liga"]
[Site "Dom Wczasowy VIS Jastrzebia Gora"]
[Date "1899-12-30"]
[Round "9.77"]
[White "Rudolf, Michal"]
[Black "Janeczko, Jakub"]
[Result "1/2-1/2"]
[WhiteTitle "FM"]
[BlackTitle "I++"]
[WhiteElo "2328"]
[BlackElo "2159"]

1. d4 Nf6 2. Nf3 g6 3. Bg5 Bg7 4. Nbd2 d5 5. e3 O-O 6. Be2 b6 7. O-O Bb7 8. c3
Nbd7 9. a4 a6 10. Bh4 c5 11. Ne5 Nxe5 12. dxe5 Ne4 13. Nxe4 dxe4 14. Qxd8 Rfxd8
15. Rfd1 Kf8 16. Bg3 Rxd1+ 17. Rxd1 Bc6 18. b3 Ke8 19. c4 Rd8 20. e6 fxe6 21.
Bc7 Rxd1+ 22. Bxd1 b5 23. axb5 axb5 24. Bb6 bxc4 25. bxc4 Bc3 26. Bxc5 e5 27.
Bg4 Kf7 28. Bd1 Ke6 29. Kf1 Kd7 30. Ke2 e6 31. Bc2 Ba5 32. Bb3 Bc3 33. Kd1 Ba5
34. Ba7 Kc7 35. Bc5 Kd7 36. Bf8 Bc3 37. Ke2 Ke8 38. Bg7 Kf7 39. Bh8 Kg8 40. Bf6
Kf7 41. Bd8 Ke8 42. Bg5 Bb4 43. Bf6 Bc3 44. Kd1 Kf7 45. Kc2 Be1 46. Bxe5 Bxf2
47. Kd2 Bh4 48. Kc3 Be7 49. Kd4 Ba3 50. Bc7 Ke7 51. Bc2 Bb2+ 52. Kc5 Kd7 53. Bf4
Ba3+ 54. Kb6 Be7 55. c5 Bd8+ 56. Ka7 Be7 57. Kb6 Bd8+ 58. Ka7 Be7 59. Kb6 1/2-1/2

[Event "Druzynowe Mistrzostwa Polski - II liga"]
[Site "Dom Wczasowy VIS Jastrzebia Gora"]
[Date "1899-12-30"]
[Round "9.78"]
[White "Dalkowski, Rafal"]
[Black "Markowski, Damian"]
[Result "1/2-1/2"]
[WhiteTitle "k"]
[BlackTitle "FM"]
[WhiteElo "2033"]
[BlackElo "2186"]

1. Nf3 g6 2. c4 Bg7 3. g3 c5 4. Bg2 Nc6 5. O-O d6 6. Nc3 Nf6 7. d4 cxd4 8. Nxd4
Bd7 9. Nc2 O-O 10. b3 a6 11. Bb2 Ne8 12. Rb1 Rb8 13. a4 Nc7 14. b4 Ne5 15. Ne3
Bc6 16. Ncd5 e6 17. b5 axb5 18. axb5 exd5 19. bxc6 bxc6 20. cxd5 cxd5 21. Nxd5
Nxd5 22. Qxd5 Nf3+ 23. Bxf3 Rxb2 24. Rxb2 Bxb2 25. Qa2 Bd4 26. e3 Qf6 27. Bd5
Bc5 28. Rb1 Re8 29. Rb7 Re7 30. Rb8+ Kg7 31. Qa8 Qf5 32. Kg2 Bxe3 33. fxe3 Qc2+
34. Kh3 Qf5+ 35. Kg2 Qc2+ 36. Kh3 Qf5+ 1/2-1/2

[Event "Druzynowe Mistrzostwa Polski - II liga"]
[Site "Dom Wczasowy VIS Jastrzebia Gora"]
[Date "1899-12-30"]
[Round "9.79"]
[White "Warszawski, Bartosz"]
[Black "Zdybel, Przemyslaw"]
[Result "1/2-1/2"]
[WhiteTitle "m"]
[BlackTitle "I++"]
[WhiteElo "2163"]
[BlackElo "2002"]

1. e4 c5 2. Nf3 d6 3. d4 cxd4 4. Nxd4 Nf6 5. Nc3 a6 6. h3 e5 7. Nde2 h5 8. g3 Be6
9. Bg2 Be7 10. Be3 Nbd7 11. O-O Rc8 12. f4 b5 13. a4 b4 14. Nd5 Nxd5 15. exd5
Bf5 16. Rc1 exf4 17. Nxf4 Nf6 18. Bd4 Qd7 19. c3 bxc3 20. Rxc3 Rxc3 21. Bxc3 O-O
22. Nxh5 Nxh5 23. Qxh5 Bg6 24. Qd1 Qa7+ 25. Kh2 Rc8 26. Qg4 Qb7 27. Be4 Rc4 28.
Rxf7 Rxc3 29. Qxg6 Qxb2+ 30. Bg2 Re3 31. Rf4 Bf6 32. Rc4 Qb7 33. Qg4 Re8 34. h4
Be5 35. Be4 Qb2+ 36. Kh3 Qf2 37. Rc8 Rxc8 38. Qe6+ Kf8 39. Qxc8+ Kf7 40. Qe6+
Kf8 41. Qf5+ Qxf5+ 42. Bxf5 g5 43. h5 Kg7 44. Kg4 Kh6 45. Bg6 a5 1/2-1/2

[Event "Druzynowe Mistrzostwa Polski - II liga"]
[Site "Dom Wczasowy VIS Jastrzebia Gora"]
[Date "1899-12-30"]
[Round "9.80"]
[White "Pancewicz, Szymon"]
[Black "Chalupnik, Marcin"]
[Result "0-1"]
[WhiteTitle "I+"]
[BlackTitle "k++"]
[WhiteElo "1850"]
[BlackElo "2135"]

1. e4 c5 2. Nf3 d6 3. d4 cxd4 4. Nxd4 Nf6 5. Nc3 g6 6. Be3 Bg7 7. f3 O-O 8. Qd2
Nc6 9. Bc4 Nd7 10. O-O-O Nb6 11. Bb3 Na5 12. Kb1 Nbc4 13. Bxc4 Nxc4 14. Qd3 Nxe3
15. Qxe3 Bd7 16. g4 b5 17. h4 b4 18. Nce2 Qb6 19. Qg1 Rfc8 20. h5 Rc4 21. hxg6
hxg6 22. b3 Rc7 23. Qh2 Rac8 24. Qh4 Qc5 25. Rd2 Qe5 26. Ng3 Rxc2 27. f4 Qxd4
28. Rxd4 Bxd4 29. Nf5 Bxf5 0-1

[Event "Druzynowe Mistrzostwa Polski - II liga"]
[Site "Dom Wczasowy VIS Jastrzebia Gora"]
[Date "1899-12-30"]
[Round "9.81"]
[White "Kasperkiewicz, Pawel"]
[Black "Suska, Szymon"]
[Result "1-0"]
[WhiteTitle "k"]
[BlackTitle "I"]
[WhiteElo "1884"]
[BlackElo "1777"]

1. e4 c5 2. c3 Nf6 3. e5 Nd5 4. d4 cxd4 5. Nf3 e6 6. cxd4 Nc6 7. Nc3 d6 8. exd6
Bxd6 9. Bd3 Nf6 10. O-O O-O 11. Bg5 h6 12. Bh4 Be7 13. Rc1 Nb4 14. Bb1 Bd7 15.
Qe2 Nbd5 16. Ne5 Be8 17. f4 Nxc3 18. bxc3 Nd5 19. Qd3 g6 20. Bxe7 Qxe7 21. c4
Nb4 22. Qc3 Rd8 23. Ng4 h5 24. Ne3 b5 25. a3 Nc6 26. d5 b4 27. axb4 Nxb4 28. dxe6
Qxe6 29. f5 Qe7 30. fxg6 Rd3 31. Bxd3 Qxe3+ 32. Kh1 Nxd3 33. g7 Nf2+ 34. Rxf2
Qxf2 35. gxf8=Q+ Kxf8 36. Re1 f6 37. Qe3 Qxe3 38. Rxe3 a5 39. Kg1 a4 40. Kf2 Kf7
41. Ke2 Bc6 42. g3 Kg6 43. Re6 Bd7 44. Rd6 Bc8 45. Rc6 Bb7 46. Rc7 Be4 47. Ra7
Bc6 48. Ra5 Bd7 49. Ke3 Be8 50. Kd4 f5 51. h4 Kf6 52. Ra6+ Ke7 53. Ke5 Bd7 54.
c5 Bb5 55. Ra7+ Kd8 56. Kd6 Kc8 57. c6 Kb8 58. Ra5 1-0

[Event "Druzynowe Mistrzostwa Polski - II liga"]
[Site "Dom Wczasowy VIS Jastrzebia Gora"]
[Date "1899-12-30"]
[Round "9.82"]
[White "Rejniak, Zuzanna"]
[Black "Bednarska-bzdega, Malgorzata"]
[Result "0-1"]
[WhiteTitle "k"]
[BlackTitle "WFM"]
[WhiteElo "1834"]
[BlackElo "1909"]

1. e4 c5 2. c3 Nf6 3. e5 Nd5 4. Nf3 d6 5. d4 cxd4 6. cxd4 Nc6 7. Bc4 Nb6 8. Bb5
Bd7 9. exd6 e6 10. Bg5 f6 11. Be3 Bxd6 12. Nc3 Nb4 13. Be2 Bc6 14. O-O O-O 15.
Nd2 f5 16. Nf3 N4d5 17. Bd2 Qf6 18. Qc1 h6 19. Re1 Rac8 20. Qd1 Rfe8 21. Bf1 Nd7
22. Rc1 Kh8 23. a3 a6 24. Nxd5 Bxd5 25. Bc3 Bf4 26. Ra1 Red8 27. Ne5 Bxe5 28.
dxe5 Qg6 29. Qd3 Nc5 30. Qg3 Qf7 31. f3 Nb3 32. Rad1 a5 33. Qf2 Qc7 34. Qh4 b5
35. Kh1 Qb7 36. Re3 Rd7 37. Bd3 Rdc7 38. Rde1 Qb6 39. Bc2 b4 40. axb4 axb4 41.
Bxb3 bxc3 42. Bxd5 c2 43. Rb3 Qa5 44. Rc3 Rxc3 45. bxc3 Qxc3 46. Rc1 Qd2 47. Rxc2
Qd1+ 0-1

[Event "Druzynowe Mistrzostwa Polski - II liga"]
[Site "Dom Wczasowy VIS Jastrzebia Gora"]
[Date "1899-12-30"]
[Round "9.88"]
[White "Trusz, Julia"]
[Black "Czaplewska, Klara"]
[Result "1/2-1/2"]
[WhiteTitle "I++"]
[BlackTitle "k+"]
[WhiteElo "1741"]
[BlackElo "1866"]

1. d4 d5 2. c4 e6 3. Nf3 Nf6 4. g3 Be7 5. Bg2 O-O 6. Nc3 c6 7. Qd3 b6 8. O-O Bb7
9. e4 dxc4 10. Qxc4 c5 11. dxc5 Bxc5 12. Rd1 1/2-1/2

[Event "Druzynowe Mistrzostwa Polski - II liga"]
[Site "Dom Wczasowy VIS Jastrzebia Gora"]
[Date "1899-12-30"]
[Round "9.89"]
[White "Sliwicki, Damian"]
[Black "Putlak, Wojciech"]
[Result "1/2-1/2"]
[WhiteTitle "CM"]
[BlackTitle "I++"]
[WhiteElo "2140"]
[BlackElo "1994"]

1. d4 Nf6 2. Nf3 e6 3. c4 Bb4+ 4. Bd2 Bxd2+ 5. Nbxd2 d5 6. g3 O-O 7. Bg2 c6 8.
O-O Nbd7 9. Qc2 Re8 10. e4 dxe4 11. Nxe4 Nxe4 12. Qxe4 Nf6 13. Qh4 h6 14. b3 Qc7
15. Rfe1 b6 16. Ne5 Bb7 17. Rad1 Rad8 18. g4 Nd7 19. Nf3 1/2-1/2

[Event "Druzynowe Mistrzostwa Polski - II liga"]
[Site "Dom Wczasowy VIS Jastrzebia Gora"]
[Date "1899-12-30"]
[Round "9.92"]
[White "Grajczak, Adrian"]
[Black "Lewandowski, Marek"]
[Result "1/2-1/2"]
[WhiteTitle "I++"]
[BlackTitle "I+"]
[WhiteElo "1831"]
[BlackElo "1758"]

1. d4 d5 2. Nf3 c6 3. g3 Bg4 4. Bg2 e6 5. O-O Nd7 6. Nbd2 Bd6 7. b3 f5 8. Bb2 Ngf6
9. c4 O-O 10. Rc1 Rc8 1/2-1/2

[Event "Druzynowe Mistrzostwa Polski - II liga"]
[Site "Dom Wczasowy VIS Jastrzebia Gora"]
[Date "1899-12-30"]
[Round "9.95"]
[White "Mrozowski, Patryk"]
[Black "Kempinski, Tomasz"]
[Result "1-0"]
[WhiteTitle "I++"]
[BlackTitle "FM"]
[WhiteElo "2116"]
[BlackElo "2181"]

1. e4 c5 2. Nf3 g6 3. d4 cxd4 4. Nxd4 Nc6 5. Nc3 Bg7 6. Be3 d6 7. Be2 Nf6 8. O-O
O-O 9. Nb3 Be6 10. f4 Qc8 11. Kh1 Rd8 12. Nd4 Nxd4 13. Bxd4 Bc4 14. Bd3 Qc6 15.
Qf3 b5 16. Ne2 Nd7 17. Bxg7 Kxg7 18. b3 Bxd3 19. cxd3 Rac8 20. Qe3 Qa6 21. f5
Rc2 22. fxg6 hxg6 23. Nd4 Rxa2 24. Rxa2 Qxa2 25. Qg5 Kf8 26. Ne6+ Ke8 27. Qh6
Nf6 28. Qh8+ Kd7 29. Nxd8 Qxb3 30. Nb7 Qc2 31. Qd8+ Ke6 32. e5 dxe5 33. d4 exd4
34. Qxd4 Kd5 1-0

[Event "Druzynowe Mistrzostwa Polski - II liga"]
[Site "Dom Wczasowy VIS Jastrzebia Gora"]
[Date "1899-12-30"]
[Round "9.96"]
[White "Rusiniak, Slawomir"]
[Black "Kopczyk, Daniel"]
[Result "0-1"]
[WhiteTitle "k"]
[BlackTitle "k+"]
[WhiteElo "2122"]
[BlackElo "2167"]

1. d4 Nf6 2. Nf3 c5 3. c4 cxd4 4. Nxd4 e5 5. Nb3 d6 6. Nc3 Be6 7. e4 Be7 8. Bd3
Nbd7 9. O-O O-O 10. h3 Rc8 11. Qe2 Nb6 12. Nd2 a6 13. b3 Nbd7 14. Bb2 Nc5 15.
Bc2 g6 16. Rad1 Nh5 17. Nf3 Nf4 18. Qe3 f6 19. Ne2 Nh5 20. Nh2 Nd7 21. Bb1 Qe8
22. Ba3 Rc6 23. g4 Ng7 24. Nc3 f5 25. Nd5 fxg4 26. hxg4 Bxd5 27. exd5 Rc7 28.
f4 Qd8 29. fxe5 Nxe5 30. Rxf8+ Bxf8 31. Bb2 Re7 32. Qg3 Qe8 33. Re1 Nf7 34. Nf3
Ng5 35. Rxe7 Qxe7 36. Nd4 Ne8 37. Bc1 Bg7 38. Be3 Be5 0-1

[Event "Druzynowe Mistrzostwa Polski - II liga"]
[Site "Dom Wczasowy VIS Jastrzebia Gora"]
[Date "1899-12-30"]
[Round "9.98"]
[White "Demianowicz, Maciej"]
[Black "Palacki, Rafal"]
[Result "1/2-1/2"]
[WhiteTitle "I"]
[BlackTitle "I"]
[WhiteElo "1988"]
[BlackElo "1860"]

1. e4 e6 2. Nf3 d5 3. e5 c5 4. b4 cxb4 5. d4 Nc6 6. a3 bxa3 7. c3 Bd7 8. Bd3 h6
9. O-O b5 10. Nxa3 b4 11. cxb4 Bxb4 12. Nb5 Nge7 13. Nd6+ Bxd6 14. exd6 Nc8 15.
Bf4 O-O 16. Qc1 Nb4 17. Bb1 Bb5 18. Re1 Nd3 19. Bxd3 Bxd3 20. Ne5 Bb5 21. Nc6
Qd7 22. Ne5 Qd8 23. Nc6 Qd7 24. Ne5 Qb7 25. Qd1 1/2-1/2

[Event "Druzynowe Mistrzostwa Polski - II liga"]
[Site "Dom Wczasowy VIS Jastrzebia Gora"]
[Date "1899-12-30"]
[Round "9.99"]
[White "Skladanowski, Adam"]
[Black "Andrzejewska, Anna"]
[Result "1-0"]
[WhiteTitle "I++"]
[BlackTitle "WCM"]
[WhiteElo "1774"]
[BlackElo "1910"]

1. d4 d5 2. Bf4 Nf6 3. e3 e6 4. Nf3 Bd6 5. Bg3 O-O 6. Nbd2 c5 7. c3 Nc6 8. dxc5
Bxc5 9. Bd3 a5 10. a4 Re8 11. Bb5 Bd6 12. Nd4 Qc7 13. Bd3 e5 14. Nb5 Qe7 15. Nxd6
Qxd6 16. O-O Bg4 17. f3 Be6 18. Bb5 Qc5 19. Bf2 e4 20. Nb3 Qb6 21. Re1 exf3 22.
gxf3 Qc7 23. Bg3 Qe7 24. Bh4 Red8 25. Bxc6 bxc6 26. Qd4 Rdb8 27. Ra3 c5 28. Nxc5
Rxb2 29. Rb3 Rb8 30. Rxb8+ Rxb8 31. Nd3 h6 32. Ne5 Rb2 33. c4 Qb7 34. Nd3 Rb1
35. c5 Nd7 36. c6 Rxe1+ 37. Bxe1 Qxc6 38. Bxa5 Qc2 39. Bc3 Nf6 40. Ne1 Qa2 41.
a5 Bd7 42. Qd3 Qa4 43. Qb1 Bb5 44. Ng2 Qc4 45. Bd4 Nh7 46. h4 Nf8 47. Nf4 Nd7
48. Qe1 Nc5 49. Qg3 g6 50. Kh2 Qc2+ 51. Ng2 Bf1 52. Qb8+ Nd7 1-0

[Event "Druzynowe Mistrzostwa Polski - II liga"]
[Site "Dom Wczasowy VIS Jastrzebia Gora"]
[Date "1899-12-30"]
[Round "9.100"]
[White "Sikorska, Dorota"]
[Black "Giefert, Sara"]
[Result "0-1"]
[WhiteTitle "k"]
[BlackTitle "I++"]
[WhiteElo "1963"]
[BlackElo "1682"]

1. e4 c5 2. Nc3 d6 3. d3 g6 4. g3 Bg7 5. Bg2 Nc6 6. Be3 e6 7. Nge2 Nd4 8. Qd2 a6
9. O-O h5 10. Nd1 Ne7 11. c3 Nxe2+ 12. Qxe2 Rb8 13. f4 O-O 14. g4 hxg4 15. Qxg4
b6 16. h4 Qe8 17. h5 f5 18. Qg5 Bf6 19. Qg3 Kg7 20. e5 Bb7 21. exf6+ Rxf6 22.
Bxb7 Rxb7 23. Kf2 Nd5 24. Rg1 Kf8 25. Qg5 Rh7 26. h6 Kf7 27. Bd2 e5 28. c4 Nc7
29. Bc3 Ne6 30. Qg3 Nxf4 31. Bd2 Nh5 32. Qg5 f4 33. Nc3 Ng3 34. Rxg3 fxg3+ 35.
Kxg3 Rf5 36. Qg4 Kg8 37. Ne4 Qf8 38. Qxg6+ Kh8 39. Bg5 Rhf7 40. Kh4 Rf3 41. Rg1
b5 42. b3 b4 43. Nxd6 R7f4+ 44. Bxf4 Qxf4+ 45. Qg4 Qxh6+ 46. Qh5 Rh3+ 47. Kxh3
Qxh5+ 48. Kg2 Qg6+ 49. Kf2 Qxd6 50. Ke2 Qd4 51. Rd1 e4 52. dxe4 Qxe4+ 53. Kd2
Qg2+ 54. Ke1 0-1